Anthropology and the will to meaning : a postcolonial critique

Αποθηκεύτηκε σε:
Λεπτομέρειες βιβλιογραφικής εγγραφής
Κύριος συγγραφέας: Αργυρού, Βάσσος
Μορφή: Βιβλίο
Γλώσσα:English
Δημοσίευση: London; Sterling, Va. : Pluto Press, 2002
Σειρά:Anthropology, culture, and society
Θέματα:
Ετικέτες: Προσθήκη ετικέτας
Δεν υπάρχουν, Καταχωρήστε ετικέτα πρώτοι!

MARC

LEADER 00000nam a2200000 i 4500
001 1/58647
008 040701s2002 eng d
020 |a 0-7453-1860-6 (hbk.) 
020 |a 0-7453-1859-2 (pbk.) 
035 |l 10073980 
040 |a GR-MY-UA  |b gre  |e aacr 
041 0 |a eng 
082 0 |a 301.01  |2 (22) 
100 1 |a Αργυρού, Βάσσος. 
245 1 0 |a Anthropology and the will to meaning :  |b a postcolonial critique /  |c Vassos Argyrou 
260 |a London; Sterling, Va. :   |b Pluto Press,   |c 2002 
300 |a v, 129 σ.;  |c 23 εκ. 
490 1 |a Anthropology, culture, and society 
504 |a Περιέχει βιβλιογραφία και ευρετήριο 
650 0 0 |a Anthropology  |x Philosophy. 
650 0 0 |a Ethnology  |x Philosophy. 
650 0 0 |a Meaning (Philosophy) 
830 0 |a Anthropology, culture, and society 
852 |a INST  |b LESVOS  |e 20040701  |h 301.01 ΑΡΓ  |p 005100030472  |q 005100030472  |t BK  |y 0 
852 |a INST  |b LESVOS  |e 20080604  |h 301.01 ΑΡΓ  |p 005100041597  |q 005100041597  |t BK  |y 0 
901 |a BIBL1-2004-2 
901 |a BIBL1-2008-2 
909 |a Λ  |b 111165 
909 |a Λ  |b 143898 
920 |a ΤΑΚΤΙΚΟΣ ΚΟΙΝΩΝΙΚΗΣ ΑΝΘΡΩΠΟΛΟΓΙΑΣ ΚΑΙ ΙΣΤΟΡΙΑΣ  |y ΛΕΣΒΟΣ  |z 2004-05 
922 |a 1ΕΛΗ  |b 200801  |c ΕΠΕΑΕΚ2/ΤΚΑ  |d ΠΑΠΑΣΩΤΗΡΙΟΥ 
970 |a ΧΡΙΣΤΟΦΑ  |b ΝΙΚΗ  |z 2004/07/01